Statistics for Municipalities of Fond du Lac County, Wisconsin

Click here to take the quiz!

General Stats

  • This quiz has been taken 41 times
  • The average score is 19 of 37

Answers on the Map

Answers color-coded by a green-red scale on the quiz's map according to % correct below.
 

Answer Stats

Answer% Correct
City of Fond du Lac
100%
Town of Fond du Lac
100%
Census Designated Place of Taycheedah
78%
Village of North Fond du Lac
78%
City of Ripon
67%
City of Waupun
67%
Town of Ripon
67%
Town of Rosendale
67%
Town of Taycheedah
67%
Town of Waupun
67%
Village of Rosendale
67%
Census Designated Place of St. Peter
56%
Town of Eden
56%
Town of Oakfield
56%
Village of Brandon
56%
Village of Campbellsport
56%
Village of Eden
56%
Village of Oakfield
56%
Census Designated Place of Van Dyne
44%
Town of Alto
44%
Town of Eldorado
44%
Town of Empire
44%
Town of Lamartine
44%
Village of Kewaskum
44%
Village of St. Cloud
44%
Town of Ashford
33%
Town of Auburn
33%
Town of Byron
33%
Town of Calumet
33%
Town of Forest
33%
Town of Metomen
33%
Village of Mount Calvary
33%
Town of Friendship
22%
Town of Marshfield
22%
Town of Osceola
22%
Town of Springvale
22%
Village of Fairwater
22%

Score Distribution

Percentile by Number Answered

Percent of People with Each Score

Your Score History

You have not taken this quiz